00560 a2200181 4500010001400000020002300014035001300037037001500050082001200065100001600077245009700093260003400190270006700224300002900291500001900320700002200339700001700361 aENG-86671 c130.00a8125028994 aEN-70204 bDBAD / PUB14a193.0921 aLemay, Eric1 aHeidegger for beginners /cby Eric Lemay [and] Jennifer A. Pitts; illustrated by Paul Gordon aChennaibOrient Longmanc2005 a160 Anna SalaibChennaie600 002mchegeneral@orientlongman.com a118 pc23 cm (Pbk)bill. aIncludes index1 aPitts, Jennifer A1 aGordon, Paul